Manual de derecho civil de las obligaciones / (Registro nro. 160593)

Detalles MARC
000 -LEADER
fixed length control field 01220cam a2200289 a 4500
008 - FIXED-LENGTH DATA ELEMENTS--GENERAL INFORMATION
fixed length control field 080826s2007 cl b 000 0 spa
010 ## - LIBRARY OF CONGRESS CONTROL NUMBER
LC control number 2008458737
020 ## - INTERNATIONAL STANDARD BOOK NUMBER
International Standard Book Number 9789561017627
035 ## -
-- 5358
040 ## - CATALOGING SOURCE
Original cataloging agency DLC
Transcribing agency DLC
Modifying agency vLex
043 ## -
-- s-cl---
050 00 -
-- KHF745
-- .M49 2007
090 ## -
-- 2160
-- 2160
100 ## - MAIN ENTRY--PERSONAL NAME
Personal name Meza Barros, Ramón
245 10 - TITLE STATEMENT
Title Manual de derecho civil de las obligaciones /
Statement of responsibility, etc Ramón Meza Barros.
Medium [Recurso electrónico]
256 ## -
-- Servicio en línea.
260 ## - PUBLICATION, DISTRIBUTION, ETC. (IMPRINT)
Place of publication, distribution, etc Santiago de Chile :
Name of publisher, distributor, etc Editorial Juridica de Chile,
Date of publication, distribution, etc [2007]
300 ## - PHYSICAL DESCRIPTION
Extent 267 p. ;
Dimensions 26 cm.
504 ## - BIBLIOGRAPHY, ETC. NOTE
Bibliography, etc Includes bibliographical references.
506 1# - RESTRICTIONS ON ACCESS NOTE
Terms governing access Contenido solo disponible en los productos indicados
Authorized users vLex Global
-- vLex Global (Academic Edition, excluding Law Schools)
-- vLex Global (U.S. Academic Edition, Law Schools)
-- vLex Global (U.S. Academic Edition, excluding Law Schools)
-- vLex Global (Academic Edition, Law Schools)
650 #0 - SUBJECT ADDED ENTRY--TOPICAL TERM
Topical term or geographic name as entry element Obligations (Law)
Geographic subdivision Chile.
740 0# -
-- vLex Libros (Servicio en línea)
856 40 - LOCALIZACIÓN Y ACCESO ELECTRÓNICO
Identificador Uniforme del Recurso (URI/URL) https://app.vlex.com/#/sources/manual-derecho-civil-obligaciones-5358
942 ## -
-- RAA
955 ## -
-- oc05 08-26-2008 to SSCD
-- sg29 2008-09-03
999 ## -
-- 160593
-- 160593

No hay ítems disponibles.


CONTACTO


NOSOTROS


SITIOS DE INTERES

coordinacion.biblioteca.biblioteca@unienlinea.mx Misión, Visión y Objetivos Bases de datos
Directorio Bibliotecas Digitales y Repositorios
Normatividad Revistas y artículos
Convenios interbibliotecarios
Boletines



Hecho en México. Universidad Insurgentes (UIN). Todos los derechos reservados 2024. Esta página y sus contenidos pueden ser reproducidos con fines no lucrativos, siempre y cuando no se mutile, se cite la fuente completa y su dirección electrónicas. De otra forma requiere permiso previo por escrito de la institución




2024 Copyright Universidad Insurgentes | www.bibliouin.com.mx